000
00259nam a2200097Ia 4500
005
20251222114408.0
008
251222s1900||||xx |||||||||||||| ||spa||
082
_a
DVD0070/H64/2005
245
0
_a
Podré dormir hasta que muera:I'll Sleep When I'm Dead
942
_c
DVD
999
_c
1936
_d
1936